000 00762nam a2200289Ia 4500
008 210210b2016 xxu||||| |||| 00| 0 eng d
020 _a9789386189882
041 _aeng
082 _a657.46 DATT
100 _aDATEY (V S)
245 _aTaxmanns indirect taxes: law and practice 2017 part 2
_bCentral excise/customs/FTP/CST/VAT/international taxation
260 _aNew Delhi
_bTaxmann Publications (P.) Ltd
_c2016
300 _a477
650 _aTaxmanns
650 _ataxes:
650 _ataxation
650 _apractice
650 _apart
650 _alaw
650 _aindirect
650 _aexcise/customs/FTP/CST/VAT/international
650 _aCentral
650 _a2017
650 _a2
690 _aIncome Tax
906 _a071419
999 _c120780
_d120780